000 00362nam a22001457a 4500
003 OSt
005 20230614102355.0
008 230614b |||||||| |||| 00| 0 eng d
040 _cIIMT UNIVERSITY, MEERUT
100 _aGEETA PRESS, GORAKHPUR
245 _aKALYAN, SHRIMAD BHAGWAT KRIPA
260 _aGEETA PRESS
_bGORAKHPUR
300 _a426
942 _2ddc
_c09
999 _c56761
_d56761